00319nam a2200133Ia 4500008004100000020001500041041001200056082001600068100001400084245003200098260003200130300000900162650001400171221030s9999 xx 000 0 und d a0632052937 aEnglish a105.23bLee aJ. D. Lee 0aConcise Inorganic Chemistry bBlackwell PubaLondonc1999 a1032 aChemistry